Trends in the suburbanization of racial/ethnic groups in U.S. metropolitan areas, 1970 to 2000 (Record no. 92261)

000 -LEADER
fixed length control field 00500pab a2200181 454500
008 - FIXED-LENGTH DATA ELEMENTS--GENERAL INFORMATION
fixed length control field 180718b2011 xxu||||| |||| 00| 0 eng d
100 ## - MAIN ENTRY--PERSONAL NAME
Personal name Timberlake, Jeffrey M.
245 ## - TITLE STATEMENT
Title Trends in the suburbanization of racial/ethnic groups in U.S. metropolitan areas, 1970 to 2000
260 ## - PUBLICATION, DISTRIBUTION, ETC.
Date of publication, distribution, etc. 2011
300 ## - PHYSICAL DESCRIPTION
Extent p.218-255.
362 ## - DATES OF PUBLICATION AND/OR SEQUENTIAL DESIGNATION
Dates of publication and/or sequential designation Mar
650 ## - SUBJECT ADDED ENTRY--TOPICAL TERM
Topical term or geographic name entry element Ethnic groups
700 ## - ADDED ENTRY--PERSONAL NAME
Personal name Staight, Amanda J.
700 ## - ADDED ENTRY--PERSONAL NAME
Personal name Howell, Aaron J.
773 ## - HOST ITEM ENTRY
Main entry heading Urban Affairs Review
908 ## - PUT COMMAND PARAMETER (RLIN)
Put command parameter N
909 ## -
-- 92261
Holdings
Withdrawn status Lost status Damaged status Not for loan Permanent Location Current Location Date acquired Serial Enumeration / chronology Barcode Date last seen Price effective from Koha item type
        Indian Institute of Public Administration Indian Institute of Public Administration 2018-07-19 Volume no: 47, Issue no: 2 AR92721 2018-07-19 2018-07-19 Articles

Powered by Koha